000 00866nam a2200289Ia 4500
001 F6087
003 IT-RoPAU
008 130308s9999 xx 000 0 und d
040 _aIT-RoPAU
040 _cIT-RoPAU
041 _aITALIANO
100 _aBinet Jacques
100 _gCodice Aut. SPICS: 51969
245 _aSuono (Il)
245 _bNascita del Cinema in Africa (La). Il Cinema dell'Africa Sub-Sahariana Dalle Origini al 1975
250 _a1a ed.
260 _aTORINO
260 _bLindau
260 _c1998 [1° Ed.:1998 - Ed.Ling.Originale:1983]
300 _a"5 p. (prefazione: no ; testo: 5 [pagine: 213-217])"
500 _aRiflessioni Sul Cinema Africano. Parola, Rumori, Canto e Musica, ritmo e Danza.
650 _aSTORIA NAZIONALE DEL CINEMA
650 _eCodice materia Spics: 6809
942 _cBK
957 _71
999 _c83569
_d83569
999 _g1